[Event "Brno Trade op"]
[Site "Brno"]
[Date "2021.08.29"]
[Round "2"]
[White "Mares, Jaroslav"]
[Black "Kozubik, Pavel"]
[Result "1-0"]
[WhiteElo "1938"]
[BlackElo "1279"]
[PlyCount "65"]
[EventDate "2021.08.29"]
[EventType "swiss"]
[EventRounds "9"]
[EventCountry "CZE"]
[SourceTitle "CBM 204 Extra"]
[Source "ChessBase"]
[SourceDate "2021.11.30"]
[SourceVersion "1"]
[SourceVersionDate "2021.11.30"]
[SourceQuality "1"]

1. c4 g6 2. Nc3 Bg7 3. g3 Nf6 4. Bg2 0-0 5. e4 d6 6. Nge2 e5 7. d3 Nc6 8. 0-0 Ne7 9. d4 Nd7 10. Be3 h6 11. Qd2 g5 12. f4 gxf4 13. gxf4 exd4 14. Nxd4 c5 15. Ndb5 f5 16. Qxd6 a6 17. Nc7 Rf6 18. Ne6 Qe8 19. Nxg7 Kxg7 20. Qd1 Nf8 21. Bxc5 Be6 22. Bd4 Bxc4 23. Bxf6+ Kg6 24. Rf3 Rd8 25. Bd4 Ne6 26. Rh3 Nxf4 27. Rg3+ Kf7 28. Qd2 Ne6 29. Qxh6 Rxd4 30. exf5 Qd7 31. fxe6+ Bxe6 32. Rf1+ Ke8 33. Rf8# 1-0

[Event "CZE-chT2E 0910"]
[Site "Czech Republic"]
[Date "2010.02.14"]
[Round "7.4"]
[White "Kratochvil, Karel"]
[Black "Mares, Jaroslav"]
[Result "1/2-1/2"]
[WhiteElo "2156"]
[BlackElo "2108"]
[PlyCount "49"]
[EventDate "2009.10.18"]
[EventType "team-tourn"]
[EventRounds "11"]
[EventCountry "CZE"]
[SourceTitle "EXT 2012"]
[Source "ChessBase"]
[SourceDate "2011.11.24"]
[SourceVersion "1"]
[SourceVersionDate "2011.11.24"]
[SourceQuality "1"]
[WhiteTeam "Brno Lokomotiva III"]
[BlackTeam "Brno 64"]
[WhiteTeamCountry "CZE"]
[BlackTeamCountry "CZE"]

1. d4 d5 2. c4 dxc4 3. Nf3 Nf6 4. Nc3 e6 5. Bg5 Be7 6. e3 a6 7. a4 b6 8. Bxc4 Bb7 9. 0-0 Nbd7 10. Re1 c5 11. e4 cxd4 12. Nxd4 Ne5 13. Bb3 0-0 14. Bxf6 Bxf6 15. f4 Nd3 16. Qxd3 Qxd4+ 17. Qxd4 Bxd4+ 18. Kh1 Rac8 19. Rac1 Rfd8 20. f5 exf5 21. exf5 Kf8 22. Red1 Bf6 23. Kg1 Rxd1+ 24. Rxd1 Bxc3 25. bxc3 1/2-1/2

[Event "CZE-chT2d 0405"]
[Site "Czech Republic"]
[Date "2005.??.??"]
[Round "6"]
[White "Mares, Jaroslav"]
[Black "Vecera, Pavel"]
[Result "1/2-1/2"]
[WhiteElo "2125"]
[BlackElo "2175"]
[PlyCount "50"]
[EventDate "2004.10.??"]
[EventType "team"]
[EventRounds "11"]
[EventCountry "CZE"]
[SourceTitle "EXT 2007"]
[Source "ChessBase"]
[SourceDate "2006.11.23"]
[SourceVersion "1"]
[SourceVersionDate "2006.11.23"]
[SourceQuality "1"]

1. c4 Nf6 2. g3 g6 3. Bg2 Bg7 4. Nc3 0-0 5. e4 d6 6. Nge2 e5 7. 0-0 Be6 8. d3 c6 9. h3 d5 10. b3 Qd7 11. Kh2 dxc4 12. dxc4 Rd8 13. Be3 Na6 14. a3 Nh5 15. Qc2 Qe7 16. Na4 f5 17. Nb2 Qf6 18. Nd3 Rd7 19. Rad1 Rad8 20. f4 exf4 21. Ndxf4 Nxf4 22. Nxf4 Bf7 23. Rxd7 Rxd7 24. exf5 Qxf5 25. Qc1 Qe5 1/2-1/2

[Event "MOR-chT2S 0203"]
[Site "Moravia"]
[Date "2003.03.30"]
[Round "11"]
[White "Mayer, Josef"]
[Black "Mares, Jaroslav"]
[Result "1-0"]
[WhiteElo "2117"]
[BlackElo "2153"]
[PlyCount "79"]
[EventDate "2002.10.??"]
[EventType "team"]
[EventRounds "11"]
[EventCountry "CZE"]
[SourceTitle "EXT 2006"]
[Source "ChessBase"]
[SourceDate "2005.11.24"]
[SourceVersion "1"]
[SourceVersionDate "2005.11.24"]
[SourceQuality "1"]

1. c4 c5 2. Nc3 Nc6 3. g3 g6 4. Bg2 Bg7 5. Nf3 d6 6. 0-0 e5 7. a3 Nge7 8. b4 0-0 9. Rb1 Bf5 10. d3 Qd7 11. Ng5 Rad8 12. Nd5 b6 13. b5 Nb8 14. a4 h6 15. Ne4 Nxd5 16. cxd5 Qe7 17. Nd2 g5 18. e4 Bg6 19. Nc4 f5 20. f3 Nd7 21. a5 Ra8 22. Bd2 h5 23. Qc1 f4 24. Bh3 Rfb8 25. Be6+ Bf7 26. Bf5 Nf6 27. gxf4 gxf4 28. Kh1 Ne8 29. Rg1 Rb7 30. Qf1 Nc7 31. Qg2 Ne8 32. Be1 Qf6 33. Qh3 Qd8 34. Bh4 Qc7 35. a6 Rbb8 36. Rb2 Kf8 37. Be6 Bf6 38. Rbg2 Bxe6 39. Qxe6 Qf7 40. Rg8+ 1-0

[Event "MOR-chT2S 0203"]
[Site "Moravia"]
[Date "2002.11.17"]
[Round "3"]
[White "Mares, Jaroslav"]
[Black "Bakos, Eduard"]
[Result "0-1"]
[WhiteElo "2153"]
[BlackElo "2094"]
[PlyCount "110"]
[EventDate "2002.10.??"]
[EventType "team"]
[EventRounds "11"]
[EventCountry "CZE"]
[SourceTitle "EXT 2006"]
[Source "ChessBase"]
[SourceDate "2005.11.24"]
[SourceVersion "1"]
[SourceVersionDate "2005.11.24"]
[SourceQuality "1"]

1. c4 Nf6 2. Nc3 g6 3. e4 d6 4. g3 Bg7 5. Bg2 c5 6. d3 Nc6 7. Nge2 0-0 8. 0-0 Bd7 9. h3 e5 10. f4 Qc8 11. Kh2 Ne8 12. g4 exf4 13. Bxf4 Be5 14. Ng3 Ng7 15. Nd5 Qd8 16. Bxe5 Nxe5 17. Nf6+ Kh8 18. Qd2 Ne8 19. g5 Nxf6 20. gxf6 Rg8 21. b3 Nc6 22. Qg5 Qe8 23. Rad1 Qe5 24. h4 Nd4 25. Bh3 Bxh3 26. Kxh3 Rae8 27. Qd2 Re6 28. Qf4 g5 29. hxg5 Rxg5 30. Rd2 Qxf4 31. Rxf4 h6 32. Rdf2 Kh7 33. Kh4 Ree5 34. Kh3 Rg8 35. Rh4 Reg5 36. Nh5 Ne6 37. Kh2 R8g6 38. Kh3 Rg1 39. Kh2 Rd1 40. Rh3 Rg4 41. Ng7 Nf4 42. Rhf3 Nxd3 43. Re2 Ne5 44. Rg3 Rh4+ 45. Kg2 Rhh1 46. Nf5 Rhg1+ 47. Kh3 Rxg3+ 48. Kxg3 Rd3+ 49. Kh4 Kg6 50. Rg2+ Kxf6 51. Nxh6 Re3 52. Rf2+ Ke6 53. Kg5 Rg3+ 54. Kf4 Rh3 55. Kg5 Rxh6 0-1

[Event "Morava-chT 9899"]
[Site "Czech Republic"]
[Date "1999.??.??"]
[Round "7"]
[White "Mares, Jaroslav"]
[Black "Sosna, Jan"]
[Result "0-1"]
[WhiteElo "2305"]
[BlackElo "2355"]
[PlyCount "52"]
[EventDate "1998.??.??"]
[EventType "team-tourn"]
[EventRounds "11"]
[EventCountry "CZE"]
[SourceTitle "EXT 2000"]
[Source "ChessBase"]
[SourceDate "1999.11.16"]
[SourceVersion "1"]
[SourceVersionDate "1999.11.16"]
[SourceQuality "1"]

1. c4 e6 2. d4 d5 3. Nf3 c6 4. b3 Nf6 5. e3 Nbd7 6. Nbd2 Bd6 7. Bb2 Qe7 8. Bd3 e5 9. dxe5 Nxe5 10. Nxe5 Bxe5 11. Qc2 0-0 12. Nf3 Qb4+ 13. Nd2 Bxb2 14. Qxb2 dxc4 15. Bxc4 Rd8 16. Rd1 Ne4 17. a3 Qe7 18. Be2 Nxd2 19. Rxd2 Rxd2 20. Kxd2 Bf5 21. h3 Be4 22. Bf3 Rd8+ 23. Ke2 Bd3+ 24. Ke1 Qd6 25. b4 Be4 26. Qe2 Qe5 0-1

[Event "Morava-chT 9798"]
[Site "Czech Republic"]
[Date "1998.??.??"]
[Round "7.5"]
[White "Mares, Jaroslav"]
[Black "Zatloukal, Petr"]
[Result "1-0"]
[WhiteElo "2290"]
[BlackElo "2135"]
[PlyCount "133"]
[EventDate "1997.??.??"]
[EventType "team-tourn"]
[EventRounds "11"]
[EventCountry "CZE"]
[SourceTitle "EXT 1999"]
[Source "ChessBase"]
[SourceDate "1998.11.16"]
[SourceVersion "1"]
[SourceVersionDate "1998.11.16"]
[SourceQuality "1"]

1. c4 e5 2. Nc3 Nc6 3. g3 g6 4. Bg2 Bg7 5. e4 d6 6. Nge2 Be6 7. d3 Qd7 8. Nd5 Nd8 9. b3 c6 10. Ne3 Bh3 11. Bb2 Bxg2 12. Nxg2 Ne6 13. Qd2 Ne7 14. f4 0-0 15. 0-0 f5 16. Rad1 Rad8 17. Qc2 c5 18. Ne3 Nd4 19. Qd2 Qe6 20. fxe5 dxe5 21. Kh1 Bh6 22. Nc3 Kg7 23. Ncd5 Nec6 24. Qg2 f4 25. gxf4 exf4 26. Nf5+ Rxf5 27. exf5 Qxf5 28. Qf2 g5 29. b4 Rxd5 30. cxd5 Qxd5+ 31. Qg2 Nxb4 32. a3 Qxg2+ 33. Kxg2 Nbc2 34. Rd2 Ne3+ 35. Kf2 Nxf1 36. Kxf1 Kf6 37. Re2 f3 38. Re4 Kf5 39. Bxd4 cxd4 40. Rxd4 Bf8 41. Rd7 Bxa3 42. Rxb7 h5 43. Rxa7 Bd6 44. h3 Kf4 45. Rd7 Ba3 46. Rf7+ Kg3 47. d4 g4 48. hxg4 hxg4 49. d5 Kh4 50. Ra7 Bd6 51. Rd7 Ba3 52. d6 g3 53. Rh7+ Kg4 54. Rg7+ Kf4 55. d7 g2+ 56. Kg1 Bc5+ 57. Kh2 Bb6 58. Rg6 Bc7 59. Rc6 Ba5 60. Ra6 Bc7 61. Kg1 Kg4 62. Rc6 Ba5 63. Kf2 Be1+ 64. Kg1 Bd2 65. Rg6+ Kh3 66. Kf2 Ba5 67. Kxf3 1-0

[Event "Brno Trade op"]
[Site "Brno"]
[Date "1996.??.??"]
[Round "3"]
[White "Mares, Jaroslav"]
[Black "Holemar, David"]
[Result "0-1"]
[WhiteElo "2290"]
[BlackElo "2110"]
[PlyCount "77"]
[EventDate "1996.??.??"]
[EventType "swiss"]
[EventRounds "9"]
[EventCountry "CZE"]
[SourceTitle "EXT 1999"]
[Source "ChessBase"]
[SourceDate "1998.11.16"]
[SourceVersion "1"]
[SourceVersionDate "1998.11.16"]
[SourceQuality "1"]

1. c4 Nf6 2. Nc3 g6 3. e4 d6 4. g3 Bg7 5. Bg2 0-0 6. Nge2 c5 7. 0-0 Nc6 8. d3 Ne8 9. Rb1 Nc7 10. a3 Rb8 11. Bd2 b5 12. cxb5 Nxb5 13. Nxb5 Rxb5 14. Bc3 Nd4 15. Nxd4 Bxd4 16. Bxd4 cxd4 17. b4 a5 18. Qd2 Qb6 19. f4 axb4 20. Rxb4 Rxb4 21. axb4 Ba6 22. f5 Qb5 23. fxg6 hxg6 24. Rf3 Kg7 25. g4 Bc8 26. h3 Bd7 27. Rf1 Qe5 28. Qb2 Rc8 29. Rb1 Bb5 30. Bf1 Rc3 31. Rd1 Qg3+ 32. Qg2 Qxg2+ 33. Kxg2 Rb3 34. Kg3 Rxb4 35. h4 Rb2 36. g5 f6 37. Kf3 Rh2 38. Kg3 Rh1 39. gxf6+ 0-1